| 000 | 00740nam a22002057a 4500 | ||
|---|---|---|---|
| 999 |
_c2459 _d2459 |
||
| 003 | AR-CdUCM | ||
| 008 | 190304b ||||| |||| 00| 0 spa d | ||
| 040 |
_aMUNICIPALIDAD PROVINCIAL DEL CUSCO _cBIBLIOTECA MUNICIPAL DEL CUSCO |
||
| 082 |
_a311.5 / _bK74 |
||
| 100 |
_aKoosis, Donald J _98796 |
||
| 245 | _aElementos de inferencia estadística / | ||
| 260 |
_aMéxico : _bEditorial Limusa; _c1972. |
||
| 300 |
_a300 paginas ; _c25 cm. |
||
| 505 | _aContenido :Procedimientos básicos -- Población y muestra -- Estimaciones -- Prueba de hipótesis -- Diferencias entre medias ... | ||
| 650 |
_aVariables medias _98797 |
||
| 650 |
_aMediciones conjuntas _98798 |
||
| 650 |
_aPruebas objetivas _98799 |
||
| 942 |
_2ddc _cLIBROS |
||
| 945 | _arum | ||